[Event "4NCL/Div2/CAM1-PYO1"]
[Site "Birmingham ENG"]
[Date "2006.03.04"]
[Round "7.1"]
[White "Dearing, Eddie J"]
[Black "Rendle, Thomas E"]
[Result "1/2-1/2"]
[WhiteElo "2416"]
[BlackElo "2340"]
[PlyCount "50"]
[EventDate "2006.03.04"]
[EventType "team"]
[EventRounds "11"]
[EventCountry "ENG"]
[SourceDate "2006.03.04"]

1. d4 e6 2. c4 f5 3. g3 Nf6 4. Bg2 Be7 5. Nf3 d6 6. O-O O-O 7. Nc3 a5 8. b3 Ne4
9. Bb2 Bf6 10. Qc2 Nxc3 11. Bxc3 Nc6 12. e4 fxe4 13. Qxe4 Qe8 14. Rad1 Bd7 15.
h4 Qe7 16. Rfe1 Rae8 17. Bh3 Qf7 18. Re2 d5 19. Qe3 Bc8 20. Ne5 Bxe5 21. dxe5
dxc4 22. bxc4 b6 23. Bg2 Ne7 24. Red2 Nf5 25. Qf4 Qe7 1/2-1/2

[Event "4NCL/Div2/CAM1-PYO1"]
[Site "Birmingham ENG"]
[Date "2006.03.04"]
[Round "7.2"]
[White "Bigg, Andrew J"]
[Black "Pinter, Gabor"]
[Result "0-1"]
[WhiteElo "2272"]
[BlackElo "2353"]
[PlyCount "90"]
[EventDate "2006.03.04"]
[EventType "team"]
[EventRounds "11"]
[EventCountry "ENG"]
[SourceDate "2006.03.04"]

1. d4 Nf6 2. Bg5 Ne4 3. Bf4 d5 4. f3 Nf6 5. e4 e6 6. e5 Nfd7 7. Be3 c5 8. c3
Nc6 9. f4 Qb6 10. Qd2 a5 11. Nf3 a4 12. Be2 Qa5 13. O-O Nb6 14. Qd1 Bd7 15.
Nbd2 Rc8 16. a3 cxd4 17. cxd4 Be7 18. Qe1 g6 19. Qg3 Qa8 20. h4 Na5 21. h5 Nbc4
22. Bxc4 Nxc4 23. Nxc4 Rxc4 24. Qh2 Rc2 25. Rf2 Qc8 26. g4 Rxf2 27. Qxf2 gxh5
28. gxh5 Qc4 29. Qd2 Rg8+ 30. Kh2 Bb5 31. Rg1 Rxg1 32. Nxg1 Qb3 33. Nf3 Bd3 34.
Qc1 Bc4 35. Kg3 Qd3 36. Qd2 Qf5 37. Qh2 h6 38. Bd2 Qe4 39. Qf2 Qf5 40. Qh2 Qe4
41. Qf2 Be2 42. Qe3 Bxf3 43. Qxf3 Qxd4 44. Bc3 Qg1+ 45. Kh3 Bc5 0-1

[Event "4NCL/Div2/CAM1-PYO1"]
[Site "Birmingham ENG"]
[Date "2006.03.04"]
[Round "7.3"]
[White "Garner, David J"]
[Black "Eckersley-Waites, Tom"]
[Result "0-1"]
[WhiteElo "2191"]
[BlackElo "2116"]
[PlyCount "104"]
[EventDate "2006.03.04"]
[EventType "team"]
[EventRounds "11"]
[EventCountry "ENG"]
[SourceDate "2006.03.04"]

1. e4 c5 2. c3 Nf6 3. e5 Nd5 4. Nf3 Nc6 5. Bc4 Nb6 6. Be2 d6 7. exd6 Qxd6 8. d4
cxd4 9. cxd4 Bf5 10. O-O e6 11. Nc3 a6 12. Be3 Be7 13. Re1 Nb4 14. Rc1 O-O 15.
Ne5 N4d5 16. Bd3 Bxd3 17. Qxd3 Qb4 18. Re2 f6 19. a3 Qb3 20. Nxd5 Qxd5 21. Nc4
Nxc4 22. Qxc4 Rac8 23. Qxd5 exd5 24. Rec2 {=} Rxc2 25. Rxc2 Bd6 26. h3 Re8 27.
Kf1 f5 28. Re2 Kf7 29. f3 Rc8 30. Ke1 f4 31. Bd2 Rc4 32. Bc3 Bxa3 33. Re5 Bb4
34. Rxd5 Ke6 35. Re5+ Kd6 36. Re4 Bxc3+ 37. bxc3 Rxc3 38. Rxf4 Rc2 39. Rf7 Rc7
40. Rf8 a5 41. Kd2 Kc6 42. Rf5 Kb6 43. h4 a4 44. Re5 Ka6 45. d5 Rc5 46. Re6+
Kb5 47. d6 Kc6 48. Re7 a3 49. d7 Kc7 50. Rxg7 Ra5 51. Rg4 a2 52. Rd4 Kd8 0-1

[Event "4NCL/Div2/CAM1-PYO1"]
[Site "Birmingham ENG"]
[Date "2006.03.04"]
[Round "7.5"]
[White "Regan, Natasha K"]
[Black "Hillman, Jamie O"]
[Result "1/2-1/2"]
[WhiteElo "2208"]
[BlackElo "1999"]
[PlyCount "97"]
[EventDate "2006.03.04"]
[EventType "team"]
[EventRounds "11"]
[EventCountry "ENG"]
[SourceDate "2006.03.04"]

1. e4 c6 2. d4 d5 3. e5 Bf5 4. Nc3 e6 5. g4 Bg6 6. Nge2 Ne7 7. Nf4 Nd7 8. h4 h6
9. Nxg6 Nxg6 10. h5 Ne7 11. Be3 c5 12. f4 Nc6 13. Bb5 cxd4 14. Bxd4 Nxd4 15.
Qxd4 a6 16. Bxd7+ Qxd7 17. O-O-O Qc6 18. f5 Bc5 19. Qf4 O-O-O 20. Rh3 Be7 21.
Kb1 Kb8 22. Ne2 Bg5 23. Qf2 Rc8 24. Nd4 Qd7 25. Rb3 Rc4 26. Rb6 Qc7 27. Rd6 Be7
28. fxe6 Bxd6 29. exd6 Qxd6 30. Qxf7 Rxd4 31. Rxd4 Rf8 32. e7 Qxe7 33. Qxd5
Rf1+ 34. Rd1 Rf4 35. Qg8+ Kc7 36. a3 Rxg4 37. Rf1 Kb6 38. Qb3+ Ka7 39. Qd5 Rg5
40. Qd4+ Qc5 41. Qd7 Rg2 42. Qd3 Rg1 43. Rxg1 Qxg1+ 44. Ka2 Qg5 45. Qd4+ Ka8
46. c4 Qxh5 47. Qd8+ Ka7 48. Qd4+ Kb8 49. Qd8+ 1/2-1/2

[Event "4NCL/Div2/CAM1-PYO1"]
[Site "Birmingham ENG"]
[Date "2006.03.04"]
[Round "7.6"]
[White "Wells, Daniel J"]
[Black "Pickard, Charles"]
[Result "0-1"]
[WhiteElo "2015"]
[BlackElo "2125"]
[PlyCount "96"]
[EventDate "2006.03.04"]
[EventType "team"]
[EventRounds "11"]
[EventCountry "ENG"]
[SourceDate "2006.03.04"]

1. e4 c5 2. Nf3 e6 3. d4 cxd4 4. Nxd4 Nf6 5. Nc3 Nc6 6. Bg5 Qb6 7. Nb3 a6 8.
Bd3 Be7 9. Qe2 d6 10. O-O-O Bd7 11. Kb1 h6 12. Be3 Qc7 13. f4 Nb4 14. Bd4 e5
15. Be3 Bg4 16. Qd2 Bxd1 17. Rxd1 Nxd3 18. Qxd3 b5 19. Qd2 Rc8 20. Nd5 Nxd5 21.
exd5 Bf6 22. Na5 O-O 23. f5 Bg5 24. Bxg5 hxg5 25. Nc6 f6 26. Qe2 Qd7 27. Qe4
Kf7 28. Rd3 Rh8 29. h3 Qb7 30. Qb4 Qd7 31. g4 Rc7 32. Rc3 Rhc8 33. Qe4 Ra8 34.
b4 Qc8 35. Qe3 Qb7 36. h4 gxh4 37. g5 Rh8 38. gxf6 Kxf6 39. Qg1 Rh6 40. Qg2 Qc8
41. Rh3 Qe8 42. Ra3 Qh5 43. Rxa6 Qd1+ 44. Kb2 h3 45. Qe4 h2 46. Nxe5 Qxc2+ 47.
Qxc2 Rxc2+ 48. Kxc2 Kxe5 0-1

[Event "4NCL/Div2/CAM1-PYO1"]
[Site "Birmingham ENG"]
[Date "2006.03.04"]
[Round "7.7"]
[White "Low, Ying-Min"]
[Black "Hegarty, Sarah N"]
[Result "0-1"]
[WhiteElo "2010"]
[BlackElo "1887"]
[PlyCount "66"]
[EventDate "2006.03.04"]
[EventType "team"]
[EventRounds "11"]
[EventCountry "ENG"]
[SourceDate "2006.03.04"]

1. d4 Nf6 2. c4 g6 3. Nc3 d5 4. cxd5 Nxd5 5. e4 Nxc3 6. bxc3 Bg7 7. Be3 c5 8.
Qd2 cxd4 9. cxd4 Nc6 10. Rd1 O-O 11. Nf3 Bg4 12. Be2 Bxf3 13. gxf3 e5 14. d5
Nd4 15. Bxd4 exd4 16. Bd3 Qd6 17. Ke2 Rfe8 18. Rb1 Qxd5 19. Rb5 Qd7 20. Rb2 Re7
21. Qg5 Re5 22. Qg4 f5 23. Qg3 Rae8 24. Rhb1 fxe4 25. Bc4+ Kh8 26. Rxb7 Qa4 27.
R7b4 Qc2+ 28. Kf1 Bf8 29. Bf7 Bxb4 30. Rxb4 Qc1+ 31. Kg2 Rg5 32. Bxe8 exf3+ 33.
Kh3 Qc8+ 0-1

[Event "4NCL/Div2/CAM1-PYO1"]
[Site "Birmingham ENG"]
[Date "2006.03.04"]
[Round "7.8"]
[White "Thilaganathan, Jessica"]
[Black "Jones, Richard M"]
[Result "0-1"]
[WhiteElo "1900"]
[BlackElo "2072"]
[PlyCount "92"]
[EventDate "2006.03.04"]
[EventType "team"]
[EventRounds "11"]
[EventCountry "ENG"]
[SourceDate "2006.03.04"]

1. d4 d5 2. Nf3 Nf6 3. c4 e6 4. Bg5 Nbd7 5. e3 h6 6. Bh4 Be7 7. Nc3 c6 8. Bd3
O-O 9. O-O dxc4 10. Bxc4 c5 11. Qc2 cxd4 12. Nxd4 Ne5 13. Be2 Bd7 14. Bg3 Nc6
15. Rad1 Nxd4 16. Rxd4 Qb6 17. Ne4 Rac8 18. Qb1 Nxe4 19. Qxe4 Bb5 20. Bxb5 Qxb5
21. b3 Rfd8 22. h3 Bf6 23. Rb4 Qe2 24. Qxb7 Rc2 25. Qb5 Rd3 26. Rb1 Rxa2 27.
Qe8+ Kh7 28. Qb5 Qc2 29. Rf1 Rxe3 30. Qc4 Rc3 31. Qe4+ Qxe4 32. Rxe4 Rxb3 33.
Rc1 Rb7 34. Kh2 a5 35. Rcc4 Rb5 36. Ra4 Rxa4 37. Rxa4 Be5 38. f4 Bc7 39. Be1 g5
40. g3 Kg6 41. fxg5 hxg5 42. Kg2 f5 43. h4 Rb2+ 44. Kf1 gxh4 45. Rxh4 Rb1 46.
Ke2 Rxe1+ 0-1

[Event "4NCL/Div2/OXF1-SWD1"]
[Site "Birmingham ENG"]
[Date "2006.03.04"]
[Round "7.1"]
[White "Ozeren, Kemal J"]
[Black "Cobb, James E"]
[Result "0-1"]
[WhiteElo "2286"]
[BlackElo "2365"]
[PlyCount "98"]
[EventDate "2006.03.04"]
[EventType "team"]
[EventRounds "11"]
[EventCountry "ENG"]
[SourceDate "2006.03.04"]

1. d4 Nf6 2. Nf3 g6 3. c4 Bg7 4. Nc3 O-O 5. e4 d6 6. Be2 Nbd7 7. O-O e5 8. d5
Nc5 9. Nd2 a5 10. Rb1 Ne8 11. Nb3 b6 12. Be3 f5 13. Nxc5 bxc5 14. f4 exf4 15.
Bxf4 g5 16. Bd2 f4 17. Bg4 Bd4+ 18. Kh1 Nf6 19. Bf5 Bxf5 20. exf5 Qd7 21. g4 h5
22. h3 hxg4 23. hxg4 Qh7+ 24. Kg2 Qh4 25. Qf3 Bxc3 26. Bxc3 Qxg4+ 27. Qxg4 Nxg4
28. Rh1 Ne5 29. Bxe5 dxe5 30. Rh6 Rxf5 31. Rbh1 Raf8 32. Rg6+ Kf7 33. Rc6 Rf6
34. Rxc7+ Kg6 35. Rxc5 e4 36. Rxa5 e3 37. Kf3 g4+ 38. Kxg4 f3 39. d6 Rf4+ 40.
Kg3 f2 41. Re5 Rf3+ 42. Kg2 f1=Q+ 43. Rxf1 Rxf1 44. Rxe3 R1f2+ 45. Kg3 Rxb2 46.
Re7 Rxa2 47. c5 Rc2 48. Rc7 Rc3+ 49. Kg4 Rcf3 0-1

[Event "4NCL/Div2/OXF1-SWD1"]
[Site "Birmingham ENG"]
[Date "2006.03.04"]
[Round "7.2"]
[White "Dineley, Richard DP"]
[Black "Savage, Ben DM"]
[Result "1-0"]
[WhiteElo "2264"]
[BlackElo "2310"]
[PlyCount "69"]
[EventDate "2006.03.04"]
[EventType "team"]
[EventRounds "11"]
[EventCountry "ENG"]
[SourceDate "2006.03.04"]

1. e4 c5 2. Nf3 Nc6 3. d4 cxd4 4. Nxd4 Nf6 5. Nc3 e5 6. Ndb5 d6 7. Bg5 a6 8.
Na3 b5 9. Bxf6 gxf6 10. Nd5 Bg7 11. c3 f5 12. exf5 Bxf5 13. Nc2 O-O 14. Nce3
Be6 15. g3 b4 16. Bg2 bxc3 17. bxc3 f5 18. O-O Rc8 19. Rb1 Ne7 20. Rb6 Kh8 21.
Rxa6 Rc5 22. Nb4 Rxc3 23. Rxd6 Qc8 24. Bh3 Bg8 25. Nbd5 Nxd5 26. Nxd5 Rc2 27.
Ne7 Qc7 28. Rd7 Qc5 29. Bxf5 e4 30. Qh5 Rf6 31. Rd8 Bf8 32. Ng6+ Kg7 33. Rd7+
Rf7 34. Qg4 Kf6 35. Nh4 {time} 1-0

[Event "4NCL/Div2/OXF1-SWD1"]
[Site "Birmingham ENG"]
[Date "2006.03.04"]
[Round "7.3"]
[White "Dickinson, Timothy R"]
[Black "Spice, Alan P"]
[Result "1/2-1/2"]
[WhiteElo "2176"]
[BlackElo "2216"]
[PlyCount "116"]
[EventDate "2006.03.04"]
[EventType "team"]
[EventRounds "11"]
[EventCountry "ENG"]
[SourceDate "2006.03.04"]

1. d4 e6 2. Nf3 f5 3. g3 Nf6 4. Bg2 Be7 5. O-O O-O 6. c4 d6 7. Nc3 Qe8 8. e4
Nxe4 9. Nxe4 fxe4 10. Ng5 d5 11. cxd5 Bxg5 12. Bxg5 exd5 13. Qb3 c6 14. Rae1
Kh8 15. f3 h6 16. Bf4 Qd8 17. fxe4 dxe4 18. Be5 Nd7 19. Rxf8+ Qxf8 20. Rf1 Qg8
21. Qb4 c5 22. Qd2 Nxe5 23. dxe5 Be6 24. Bxe4 Rd8 25. Qe3 Bh3 26. Rf6 Rd1+ 27.
Kf2 Rf1+ 28. Ke2 Qc4+ 29. Bd3 Qg4+ 30. Kd2 Qd1+ 31. Kc3 Qc1+ 32. Qxc1 Rxc1+ 33.
Kd2 gxf6 34. Kxc1 fxe5 35. Kd2 Kg7 36. Kc3 Be6 37. a3 Kf6 38. b4 cxb4+ 39. axb4
Bd5 40. Bf1 Ke6 41. h4 Bf3 42. Bh3+ Kd6 43. g4 b6 44. g5 hxg5 45. hxg5 Be4 46.
Kc4 Bg6 47. Bg2 Be8 48. Be4 a6 49. Bf5 Bb5+ 50. Kc3 Ke7 51. Kd2 Kf7 52. Ke3 Bc6
53. Be4 Be8 54. Bf5 Bc6 55. Be4 Bd7 56. Bd5+ Kg6 57. Ke4 Kxg5 58. Kxe5 a5
1/2-1/2

[Event "4NCL/Div2/OXF1-SWD1"]
[Site "Birmingham ENG"]
[Date "2006.03.04"]
[Round "7.4"]
[White "Blackburn, Jonathan LB"]
[Black "Smallbone, Kieran D"]
[Result "0-1"]
[WhiteElo "2208"]
[BlackElo "2194"]
[PlyCount "64"]
[EventDate "2006.03.04"]
[EventType "team"]
[EventRounds "11"]
[EventCountry "ENG"]
[SourceDate "2006.03.04"]

1. d4 d5 2. c4 c6 3. Nf3 Nf6 4. Nc3 dxc4 5. a4 Bf5 6. e3 e6 7. Bxc4 Bb4 8. O-O
Nbd7 9. Qe2 Bg6 10. Na2 Bd6 11. b4 O-O 12. Bd3 Bh5 13. Bb2 e5 14. e4 exd4 15.
Bxd4 Be5 16. Bc3 Bxf3 17. gxf3 Nh5 18. Rfd1 Qh4 19. Bxe5 Nxe5 20. Qe3 Rae8 21.
Nc3 Nf4 22. Bf1 Re6 23. Ne2 Nxe2+ 24. Bxe2 Ng6 25. Bc4 Re5 26. f4 Nxf4 27. Kf1
Qxh2 28. Qf3 Rh5 29. Ke1 Rh3 30. Qg4 h5 31. Bxf7+ Rxf7 32. Rd8+ Kh7 0-1

[Event "4NCL/Div2/OXF1-SWD1"]
[Site "Birmingham ENG"]
[Date "2006.03.04"]
[Round "7.5"]
[White "Milovanovic, Aleksander"]
[Black "James, David J"]
[Result "1/2-1/2"]
[WhiteElo "2220"]
[BlackElo "2222"]
[PlyCount "52"]
[EventDate "2006.03.04"]
[EventType "team"]
[EventRounds "11"]
[EventCountry "ENG"]
[SourceDate "2006.03.04"]

1. d4 Nf6 2. c4 e6 3. Nc3 Bb4 4. e3 O-O 5. Nge2 d5 6. a3 Be7 7. Nf4 c6 8. Bd3
Nbd7 9. cxd5 exd5 10. b4 Re8 11. Bb2 Bd6 12. Qf3 Nf8 13. h3 Ne6 14. Nxe6 fxe6
15. O-O e5 16. dxe5 Bxe5 17. Rad1 Qe7 18. Qe2 Bd6 19. Nb1 Ne4 20. Nd2 Bf5 21.
Nxe4 Bxe4 22. Bxe4 Qxe4 23. Rd4 Qe5 24. g3 Qf5 25. Rg4 Be5 26. Bxe5 Rxe5
1/2-1/2

[Event "4NCL/Div2/OXF1-SWD1"]
[Site "Birmingham ENG"]
[Date "2006.03.04"]
[Round "7.6"]
[White "Zeidler, Sven P"]
[Black "Webster, Ian A"]
[Result "1-0"]
[WhiteElo "2203"]
[BlackElo "2119"]
[PlyCount "35"]
[EventDate "2006.03.04"]
[EventType "team"]
[EventRounds "11"]
[EventCountry "ENG"]
[SourceDate "2006.03.04"]

1. e4 e6 2. d4 d5 3. exd5 exd5 4. Nf3 Bd6 5. c4 c6 6. Nc3 Ne7 7. Bd3 Qc7 8. O-O
Be6 9. c5 Bf4 10. Re1 Nd7 11. Ng5 Nf8 12. Qh5 g6 13. Qh4 Bxc1 14. Raxc1 Nf5 15.
Nxd5 cxd5 16. Bb5+ Nd7 17. Nxe6 fxe6 18. Qf6 1-0

[Event "4NCL/Div2/OXF1-SWD1"]
[Site "Birmingham ENG"]
[Date "2006.03.04"]
[Round "7.7"]
[White "Chapman, Graham W"]
[Black "Morris, Charles F"]
[Result "0-1"]
[WhiteElo "2100"]
[BlackElo "2203"]
[PlyCount "100"]
[EventDate "2006.03.04"]
[EventType "team"]
[EventRounds "11"]
[EventCountry "ENG"]
[SourceDate "2006.03.04"]

1. e4 e6 2. d4 d5 3. Nd2 Nf6 4. e5 Nfd7 5. Bd3 c5 6. c3 Nc6 7. Ngf3 Be7 8. O-O
g5 9. h3 h5 10. g4 hxg4 11. hxg4 Qb6 12. Kg2 cxd4 13. Rh1 Rg8 14. Qe2 dxc3 15.
bxc3 a6 16. c4 Nd4 17. Qe3 Nxf3 18. Nxf3 Qxe3 19. Bxe3 dxc4 20. Bh7 Rf8 21.
Rac1 b5 22. Be4 Rb8 23. Ba7 Rb7 24. Bxb7 Bxb7 25. Bd4 Bd5 26. Kg3 Nb8 27. Rh5
Nc6 28. Ba1 Rg8 29. Rch1 Nb4 30. Rh8 Kf8 31. R1h5 Nxa2 32. Rxg8+ Kxg8 33. Nxg5
c3 34. Nh7 b4 35. Nf6+ Bxf6 36. exf6 b3 37. Rg5+ Kf8 38. Rh5 Ke8 39. g5 c2 40.
Bb2 c1=Q 41. Bxc1 Nxc1 42. Rh8+ Kd7 43. Rb8 Be4 44. Kf4 Bg6 45. Ke3 Kc7 46. Rb4
a5 47. Rb5 Kc6 48. Rb8 a4 49. Kd2 Nd3 50. f3 b2 0-1

[Event "4NCL/Div2/OXF1-SWD1"]
[Site "Birmingham ENG"]
[Date "2006.03.04"]
[Round "7.8"]
[White "Wilson, Julie C"]
[Black "Messam-Sparkes, Lateefah"]
[Result "1/2-1/2"]
[WhiteElo "1945"]
[BlackElo "1785"]
[PlyCount "90"]
[EventDate "2006.03.04"]
[EventType "team"]
[EventRounds "11"]
[EventCountry "ENG"]
[SourceDate "2006.03.04"]

1. d4 Nf6 2. c4 e6 3. Nf3 b6 4. Bf4 Bb7 5. e3 Bb4+ 6. Nfd2 h6 7. a3 Bxd2+ 8.
Nxd2 d6 9. Bd3 g5 10. Bg3 Bxg2 11. Rg1 Bb7 12. e4 Nfd7 13. Qe2 Nc6 14. Nb3 e5
15. d5 Ne7 16. O-O-O Ng6 17. Qe1 h5 18. f3 h4 19. Bf2 Nf4 20. Rg4 Qe7 21. Be3
Nxd3+ 22. Rxd3 f6 23. Qb4 a5 24. Qc3 Bc8 25. Rg2 Rg8 26. Bf2 Qf7 27. Rd1 Ba6
28. Rdg1 O-O-O 29. Be1 Rh8 30. Rc2 Nf8 31. Qe3 Ng6 32. Bxa5 Nf4 33. Bb4 Kb8 34.
Kb1 Rhf8 35. Rgc1 Rd7 36. c5 bxc5 37. Nxc5 dxc5 38. Bxc5 Bd3 39. Bxf8 Bxc2+ 40.
Rxc2 Qxf8 41. Qb3+ Kc8 42. Qa4 Kd8 43. Qa8+ Ke7 44. Qb7 c5 45. Qb6 f5 1/2-1/2

[Event "4NCL/Div2/RIC1-WRO1"]
[Site "Birmingham ENG"]
[Date "2006.03.04"]
[Round "7.1"]
[White "Hinks-Edwards, Thomas RJ"]
[Black "Hanley, Craig A"]
[Result "1/2-1/2"]
[WhiteElo "2343"]
[BlackElo "2402"]
[PlyCount "76"]
[EventDate "2006.03.04"]
[EventType "team"]
[EventRounds "11"]
[EventCountry "ENG"]
[SourceDate "2006.03.04"]

1. e4 e5 2. Nf3 Nc6 3. Bb5 a6 4. Ba4 d6 5. Bxc6+ bxc6 6. d4 exd4 7. Qxd4 c5 8.
Qd3 Ne7 9. Nc3 Nc6 10. b3 Be7 11. Bb2 Bf6 12. h3 O-O 13. O-O Re8 14. Rfe1 Bb7
15. a3 Ne5 16. Nxe5 Bxe5 17. Na4 Qh4 18. Bxe5 Rxe5 19. Nc3 Rae8 20. Re3 Bxe4
21. Qxa6 Bxc2 22. Rxe5 dxe5 23. Qc6 Rc8 24. Qxc5 {=} Qd4 25. b4 Qxc5 26. bxc5
Ra8 27. Nd5 Ra5 28. Rc1 Be4 29. Nxc7 Bc6 30. Rd1 Kf8 31. Nd5 Rxc5 32. Nb4 Ke7
33. Nxc6+ Rxc6 34. a4 Ra6 35. Ra1 Kd6 36. Kf1 f5 37. Ke2 Kd5 38. a5 g6 1/2-1/2

[Event "4NCL/Div2/RIC1-WRO1"]
[Site "Birmingham ENG"]
[Date "2006.03.04"]
[Round "7.2"]
[White "Kobese, Watu"]
[Black "Van de Griendt, Jan W"]
[Result "1-0"]
[WhiteElo "2397"]
[BlackElo "2380"]
[PlyCount "81"]
[EventDate "2006.03.04"]
[EventType "team"]
[EventRounds "11"]
[EventCountry "ENG"]
[SourceDate "2006.03.04"]

1. e4 c5 2. Nf3 e6 3. d4 cxd4 4. Nxd4 a6 5. Nc3 Nc6 6. Be2 Nge7 7. O-O d6 8.
Bg5 Nxd4 9. Qxd4 h6 10. Bd2 Nc6 11. Qe3 b5 12. a4 b4 13. Na2 Rb8 14. c3 bxc3
15. Bxc3 Qg5 16. Qd3 Be7 17. f4 Qc5+ 18. Kh1 O-O 19. b4 Qb6 20. b5 axb5 21.
axb5 Nd8 22. Bd4 Qb7 23. Nb4 Qd7 24. f5 e5 25. Be3 Bg5 26. Bxg5 hxg5 27. Qe3 f6
28. Nc6 Nxc6 29. Bc4+ Rf7 30. Be6 Qe8 31. Bxf7+ Kxf7 32. bxc6 Qxc6 33. Qa7+ Rb7
34. Qa2+ Kf8 35. Rfc1 Qd7 36. Rc3 Rc7 37. Rh3 Qf7 38. Qa3 Rc6 39. Rh8+ Ke7 40.
Qa8 Qc4 41. Ra7+ 1-0

[Event "4NCL/Div2/RIC1-WRO1"]
[Site "Birmingham ENG"]
[Date "2006.03.04"]
[Round "7.3"]
[White "Wall, Gavin"]
[Black "Kaid, Almar"]
[Result "1-0"]
[WhiteElo "2348"]
[BlackElo "2275"]
[PlyCount "107"]
[EventDate "2006.03.04"]
[EventType "team"]
[EventRounds "11"]
[EventCountry "ENG"]
[SourceDate "2006.03.04"]

1. e4 e6 2. d4 d5 3. e5 c5 4. c3 Nc6 5. Nf3 Bd7 6. dxc5 Bxc5 7. b4 Bb6 8. Bd3
f6 9. b5 Nxe5 10. Nxe5 fxe5 11. Qh5+ Kf8 12. Qxe5 Nf6 13. O-O Rc8 14. Bg5 Kf7
15. Nd2 Qc7 16. Bxf6 gxf6 17. Qh5+ Kg7 18. Qg4+ Kf7 19. c4 Qd6 20. Rad1 Rcg8
21. Qh5+ Ke7 22. Nf3 Qf4 23. cxd5 e5 24. d6+ Kd8 25. Be2 Rg7 26. Ne1 Rhg8 27.
Kh1 Rg5 28. Qf7 R5g7 29. Qd5 Bf5 30. Nd3 Qg5 31. g3 Bh3 32. Nc5 Bxc5 33. Qxc5
Bxf1 34. Bxf1 Qf5 35. Rc1 Qd7 36. Qxa7 Qxd6 37. Qa8+ Kd7 38. Qxb7+ Ke6 39. Bc4+
Kf5 40. Qf3+ Kg6 41. Bxg8 Rxg8 42. Rc6 Qd8 43. b6 Rf8 44. Qe4+ Kh6 45. Qxe5 Qa8
46. Qf4+ Kg7 47. Qg4+ Kh8 48. Qf3 Qxa2 49. Kg2 Qb2 50. h4 Kg7 51. Rc7+ Rf7 52.
Qg4+ Kf8 53. Rc8+ Ke7 54. Qe4+ 1-0

[Event "4NCL/Div2/RIC1-WRO1"]
[Site "Birmingham ENG"]
[Date "2006.03.04"]
[Round "7.4"]
[White "Adams, David M"]
[Black "Bisby, Daniel L"]
[Result "1/2-1/2"]
[WhiteElo "2240"]
[BlackElo "2274"]
[PlyCount "68"]
[EventDate "2006.03.04"]
[EventType "team"]
[EventRounds "11"]
[EventCountry "ENG"]
[SourceDate "2006.03.04"]

1. d4 d5 2. Bf4 Nf6 3. e3 e6 4. Nd2 Bd6 5. Ngf3 c5 6. Bxd6 Qxd6 7. dxc5 Qxc5 8.
c4 Nc6 9. a3 O-O 10. Rc1 dxc4 11. Bxc4 Qe7 12. O-O e5 13. Bb5 Bd7 14. Nc4 e4
15. Bxc6 Bxc6 16. Nd4 Bd5 17. Nd2 Rac8 18. Qe2 a6 19. Rfd1 Rfd8 20. N2b3 Bxb3
21. Nxb3 Qe5 22. Qd2 Re8 23. Qd4 Qb8 24. Rxc8 Qxc8 25. h3 h5 26. Rc1 Qe6 27.
Qb4 Qd5 28. Nd4 a5 29. Qc5 Re5 30. Qxd5 Rxd5 31. Rc8+ Kh7 32. Rc7 Rd7 33. Rc5
Rd5 34. Rc4 Nd7 1/2-1/2

[Event "4NCL/Div2/RIC1-WRO1"]
[Site "Birmingham ENG"]
[Date "2006.03.04"]
[Round "7.5"]
[White "Nixon, Thomas CM"]
[Black "Gayson, Peter M"]
[Result "0-1"]
[WhiteElo "2216"]
[BlackElo "2233"]
[PlyCount "120"]
[EventDate "2006.03.04"]
[EventType "team"]
[EventRounds "11"]
[EventCountry "ENG"]
[SourceDate "2006.03.04"]

1. d4 f5 2. Nf3 Nf6 3. g3 g6 4. Bg2 Bg7 5. b3 d6 6. Bb2 O-O 7. O-O e5 8. dxe5
Ng4 9. Qd5+ Kh8 10. Bc3 dxe5 11. Qxd8 Rxd8 12. h3 e4 13. hxg4 exf3 14. exf3 Nc6
15. g5 f4 16. Bxg7+ Kxg7 17. Re1 Bf5 18. Na3 Rd2 19. Rac1 Rad8 20. g4 Bc8 21.
Bf1 Nd4 22. Kg2 Bd7 23. Bd3 Bc6 24. Be4 Ne2 25. Ra1 Bxe4 26. fxe4 Nd4 27. c3 {=
} f3+ 28. Kh3 Ne6 29. Kg3 Nxg5 30. Re3 Re2 31. Re1 Rdd2 32. Nc4 Rxa2 33. Ne5
Rxf2 34. Nxf3 Nxf3 35. Rxf3 Rxf3+ 36. Kxf3 Rb2 37. b4 Rb3 38. Re3 Kf6 39. e5+
Ke6 40. Ke4 a6 41. Rh3 {=} b6 42. Kd4 c5+ 43. Kc4 Ra3 44. Rxh7 Kxe5 45. Rg7 {=}
Kf6 46. Rb7 b5+ 47. Kxc5 Rxc3+ 48. Kb6 Rb3 49. Kc5 Kg5 50. Rd7 Ra3 51. Rd4 Kh4
52. Kb6 Ra4 53. Kc5 g5 54. Kd5 Ra1 55. Kc5 Rc1+ 56. Kd5 Rg1 57. Kc5 Rxg4 58.
Rxg4+ Kxg4 59. Kb6 Kf5 60. Ka5 g4 0-1

[Event "4NCL/Div2/RIC1-WRO1"]
[Site "Birmingham ENG"]
[Date "2006.03.04"]
[Round "7.6"]
[White "Barrett, Steve J"]
[Black "Franklin, Michael J"]
[Result "1/2-1/2"]
[WhiteElo "2189"]
[BlackElo "2231"]
[PlyCount "68"]
[EventDate "2006.03.04"]
[EventType "team"]
[EventRounds "11"]
[EventCountry "ENG"]
[SourceDate "2006.03.04"]

1. d4 Nf6 2. c4 e6 3. Nc3 Bb4 4. e3 O-O 5. Bd3 d5 6. Nf3 c6 7. O-O Nbd7 8. Qc2
h6 9. a3 Bd6 10. e4 dxe4 11. Nxe4 Nxe4 12. Bxe4 e5 13. Be3 Qc7 14. Rfe1 exd4
15. Bxd4 Nc5 16. Bh7+ Kh8 17. b4 Ne6 18. Bc3 c5 19. Rad1 Ng5 20. Nxg5 hxg5 21.
Bf5 f6 22. Re3 g4 23. Bxc8 Raxc8 24. Rd5 Bxh2+ 25. Kh1 Bf4 26. Rh5+ Bh6 27. Qf5
cxb4 28. Rxh6+ gxh6 29. Bxf6+ Rxf6 30. Qxf6+ Qg7 31. Qxg7+ Kxg7 32. Re7+ Kg6
33. Rxb7 bxa3 34. Rxa7 Rxc4 1/2-1/2

[Event "4NCL/Div2/RIC1-WRO1"]
[Site "Birmingham ENG"]
[Date "2006.03.04"]
[Round "7.7"]
[White "Wilson, Alexandra"]
[Black "Cumbers, Paul"]
[Result "1/2-1/2"]
[WhiteElo "2101"]
[BlackElo "2123"]
[PlyCount "50"]
[EventDate "2006.03.04"]
[EventType "team"]
[EventRounds "11"]
[EventCountry "ENG"]
[SourceDate "2006.03.04"]

1. e4 e6 2. d4 d5 3. Nc3 Nf6 4. Bg5 Bb4 5. e5 h6 6. Bd2 Bxc3 7. bxc3 Ne4 8. Qg4
Kf8 9. Bd3 Nxd2 10. Kxd2 c5 11. h4 Nc6 12. Rh3 c4 13. Bf1 b5 14. a3 a5 15. Ne2
Bd7 16. Nf4 b4 17. Rf3 bxc3+ 18. Kd1 Qb6 19. Ng6+ Kg8 20. Nxh8 h5 21. Qxh5
Qxd4+ 22. Bd3 cxd3 23. Qxf7+ Kxh8 24. Qh5+ Kg8 25. Qf7+ Kh8 1/2-1/2

[Event "4NCL/Div2/RIC1-WRO1"]
[Site "Birmingham ENG"]
[Date "2006.03.04"]
[Round "7.8"]
[White "Khakimova, Masura"]
[Black "Mitchem, Nicholas D"]
[Result "1/2-1/2"]
[WhiteElo "1860"]
[BlackElo "2060"]
[PlyCount "47"]
[EventDate "2006.03.04"]
[EventType "team"]
[EventRounds "11"]
[EventCountry "ENG"]
[SourceDate "2006.03.04"]

1. d4 e6 2. c4 d5 3. Nc3 Nf6 4. cxd5 exd5 5. Bg5 Be7 6. e3 c6 7. Bd3 h6 8. Bh4
O-O 9. Nf3 Bg4 10. Qc2 Nbd7 11. O-O Bxf3 12. gxf3 Nh5 13. Bxe7 Qxe7 14. Kh1
Ndf6 15. Rg1 Kh8 16. Ne2 Rae8 17. Ng3 Nxg3+ 18. Rxg3 Rg8 19. Rag1 g5 20. Bf5
Qb4 21. Bh3 Qc4 22. Qf5 Rg6 23. Bf1 Qxa2 24. h4 1/2-1/2

[Event "4NCL/Div2/WWS1-BRI1"]
[Site "Birmingham ENG"]
[Date "2006.03.04"]
[Round "7.1"]
[White "Thomas, Nicholas J"]
[Black "Beaumont, Chris R"]
[Result "1/2-1/2"]
[WhiteElo "2252"]
[BlackElo "2329"]
[PlyCount "49"]
[EventDate "2006.03.04"]
[EventType "team"]
[EventRounds "11"]
[EventCountry "ENG"]
[SourceDate "2006.03.04"]

1. e4 d6 2. Nc3 g6 3. g3 Bg7 4. Bg2 c5 5. d3 Nc6 6. f4 e6 7. Nf3 Nge7 8. O-O
O-O 9. Be3 Nd4 10. e5 Bd7 11. Ne4 Nef5 12. Bf2 Nxf3+ 13. Qxf3 Bc6 14. c3 dxe5
15. Bxc5 Re8 16. fxe5 Bxe5 17. d4 Bg7 18. g4 Qd7 19. Qf2 Nh6 20. Nf6+ Bxf6 21.
Bxc6 bxc6 22. Qxf6 Nxg4 23. Qg5 f5 24. h3 Qc7 25. hxg4 1/2-1/2